000 01191cam a2200301 a 4500
999 _c10390
_d10390
001 706039
003 OSt
005 20191221112540.0
008 970227s1997 ii b 001 0 eng
010 _a 96912038
020 _a0195647165
025 _aI-E-96-912038; 79-92
040 _aDLC
_cDLC
_dDLC
042 _alcode
050 0 0 _aHD82
_b.C436 1997
082 _a338.954
_bCHA/W
100 _aChakravarty, Sukhamoy
_9582
245 1 0 _aWritings on development /
_cSukhamoy Chakravarty ; with an introduction by Mihir Rakshit.
260 _aDelhi ;
_aNew York :
_bOxford University Press,
_c1997.
300 _a310 p. ;
_c22 cm.
504 _aIncludes bibliographical references (p. [277]-284) and indexes.
650 0 _aEconomic development.
651 0 _aIndia
_xEconomic policy
_y1947-
856 4 2 _3Publisher description
_uhttp://www.loc.gov/catdir/enhancements/fy0603/96912038-d.html
906 _a7
_bcbc
_corigode
_d3
_encip
_f19
_gy-gencatlg
942 _2ddc
_cBK
_h338.954
_iCHA/W
_k338.954
_mCHA/W